000 00563nam a2200229Ia 4500
003 OSt
005 20221005114021.0
006 a|||||r|||| 00| 0
007 ta
008 221004b |||||||| |||| 00| 0 kan d
024 _a59219
037 _cTextual
040 _aCRL
_cCRL
_bkan
041 _2kan
_akan
082 _a4v73.N5, 33K0
100 _aMott Frank luther
245 0 _aAmerican journalism
260 _c1960
650 _aJOURNALISM
942 _h4v73.N5, 33K0
_cTEXL
_2cc
999 _c1030023
_d1030023